[Event "V MTSz Klubu Polonia Wroclaw"]
[Site "Wroclaw"]
[Date "2010.06.26"]
[Round "1"]
[White "Stoma, Pawel"]
[Black "Goslawski, Michal"]
[Result "0-1"]
[WhiteElo "2309"]
[BlackElo "2044"]
[PlyCount "46"]
[EventDate "2010.??.??"]

1. e4 e6 2. d4 d5 3. exd5 exd5 4. Nc3 Bb4 5. Bd3 Nc6 6. Nge2 Nge7 7. Bf4 Bf5 8.
Bxf5 Nxf5 9. Qd3 Bxc3+ 10. Qxc3 O-O 11. O-O-O Re8 12. Ng3 Qf6 13. Bxc7 Nfxd4
14. f4 Qg6 15. Rhf1 Nb5 16. Qb3 Nxc7 17. Qxb7 Rac8 18. f5 Qf6 19. c3 Na5 20.
Qxa7 Nc4 21. Rf2 Nb5 22. Qd7 Nxb2 23. Rxb2 Qxc3+ 0-1

[Event "V MTSz Klubu Polonia Wroclaw"]
[Site "Wroclaw"]
[Date "2010.06.26"]
[Round "1"]
[White "Chrzaszcz, Malvina"]
[Black "Matuszewski, Michal"]
[Result "0-1"]
[WhiteElo "2032"]
[BlackElo "2308"]
[PlyCount "102"]
[EventDate "2010.??.??"]

1. e4 Nf6 2. e5 Nd5 3. d4 d6 4. c4 Nb6 5. exd6 exd6 6. h3 Nc6 7. Nf3 Bf5 8. a3
Be7 9. Bd3 Qd7 10. O-O O-O-O 11. b4 Bf6 12. Be3 g5 13. b5 Na5 14. Bxf5 Qxf5 15.
Nbd2 g4 16. hxg4 Qxg4 17. Rc1 Rhg8 18. g3 Rde8 19. Nh2 Qg7 20. Qf3 Bxd4 21.
Bxd4 Qxd4 22. Rfd1 Nd7 23. Nb3 Qb6 24. c5 Nxc5 25. Nxc5 dxc5 26. Qf5+ Kb8 27.
Rxc5 Nb3 28. Rcd5 Rxg3+ 29. Kh1 Rgg8 30. Qxf7 c6 31. Re5 Ref8 32. Qxb3 Qxf2 33.
Qh3 cxb5 34. Rf1 Qd4 35. Rfe1 Rg1+ 36. Rxg1 Qxe5 37. Qg2 a6 38. Rd1 Qe7 39.
Qg3+ Ka8 40. Qd3 h5 41. Rf1 Rd8 42. Qf3 Qc5 43. Rb1 h4 44. Ng4 Rf8 45. Qd3 Rf4
46. Rg1 Ra4 47. Qd8+ Ka7 48. Qxh4 Rxa3 49. Nf2 Ra2 50. Ne4 Qf5 51. Qg4 Qh7+ 0-1

[Event "V MTSz Klubu Polonia Wroclaw"]
[Site "Wroclaw"]
[Date "2010.06.26"]
[Round "1"]
[White "Bakalarz, Mietek"]
[Black "Kaczmarek, Maciej"]
[Result "1-0"]
[WhiteElo "2305"]
[BlackElo "2032"]
[PlyCount "71"]
[EventDate "2010.??.??"]

1. d4 Nf6 2. Bf4 e6 3. e3 Be7 4. Bd3 d5 5. Nd2 c5 6. c3 Nc6 7. Ngf3 O-O 8. Ne5
cxd4 9. exd4 Nxe5 10. dxe5 Nd7 11. Qh5 f5 12. exf6 Nxf6 13. Qe2 Bd6 14. Bxd6
Qxd6 15. Nf3 Bd7 16. Ne5 Bc6 17. O-O-O a6 18. Rhe1 Rae8 19. Qe3 Re7 20. g4 Be8
21. c4 Qc7 22. Kb1 b5 23. g5 Nd7 24. Nxd7 Rxd7 25. cxb5 axb5 26. Qxe6+ Bf7 27.
Qh3 Bg6 28. Bxg6 hxg6 29. Qe6+ Kh8 30. Re3 Rdf7 31. Rxd5 Qf4 32. Rh3+ Kg8 33.
Qxg6 Rc8 34. Qh7+ Kf8 35. Qh8+ Ke7 36. Qxc8 1-0

[Event "V MTSz Klubu Polonia Wroclaw"]
[Site "Wroclaw"]
[Date "2010.06.26"]
[Round "1"]
[White "Zmarzly, Aleksandra"]
[Black "Solys, Laimutis"]
[Result "0-1"]
[WhiteElo "2026"]
[BlackElo "2305"]
[PlyCount "70"]
[EventDate "2010.??.??"]

1. e4 e5 2. Nf3 Nc6 3. Bb5 a6 4. Ba4 Nf6 5. O-O Nxe4 6. d4 b5 7. Bb3 d5 8. dxe5
Be6 9. c3 Bc5 10. Nbd2 O-O 11. Bc2 Nxf2 12. Rxf2 f6 13. Nb3 Bxf2+ 14. Kxf2 fxe5
15. Kg1 h6 16. Qe1 Qf6 17. Be3 Bf5 18. Bxf5 Qxf5 19. Rd1 Rad8 20. Qg3 Rf6 21.
Nh4 Qc2 22. Rc1 Qxb2 23. Ng6 Re8 24. Nc5 Kh7 25. Nh4 d4 26. Ne4 Rfe6 27. Bd2
dxc3 28. Qd3 Kg8 29. Rxc3 Qa1+ 30. Rc1 Qd4+ 31. Qe3 Rd8 32. Nf5 Qxe3+ 33. Bxe3
Nd4 34. Bxd4 exd4 35. Nc5 Re5 0-1

[Event "V MTSz Klubu Polonia Wroclaw"]
[Site "Wroclaw"]
[Date "2010.06.26"]
[Round "1"]
[White "Wieczorek, Oskar"]
[Black "Leks, Maria"]
[Result "0-1"]
[WhiteElo "2305"]
[BlackElo "1987"]
[PlyCount "68"]
[EventDate "2010.??.??"]

1. e4 e5 2. Nf3 Nf6 3. d4 Nxe4 4. Bd3 d5 5. Nxe5 Nd7 6. Nc3 Bb4 7. O-O Bxc3 8.
bxc3 Nxe5 9. dxe5 O-O 10. c4 c6 11. Qf3 f5 12. Rd1 Qc7 13. cxd5 cxd5 14. Bb2
Be6 15. Bd4 Qf7 16. Qe2 Rac8 17. Qe1 f4 18. f3 Nc5 19. Bf1 Bf5 20. c3 b6 21.
Qd2 Ne6 22. a4 g5 23. a5 b5 24. Bxb5 g4 25. fxg4 Bxg4 26. Rf1 f3 27. Be3 Kh8
28. h3 Bh5 29. Rf2 Rg8 30. Raf1 Rg3 31. Kh2 Qg7 32. Qxd5 Rxg2+ 33. Kh1 Qg3 34.
Qxe6 Qh2# 0-1

[Event "V MTSz Klubu Polonia Wroclaw"]
[Site "Wroclaw"]
[Date "2010.06.27"]
[Round "2"]
[White "Wojtaszek, Radoslaw"]
[Black "Zawadzka, Jolanta"]
[Result "1-0"]
[WhiteElo "2663"]
[BlackElo "2415"]
[PlyCount "77"]
[EventDate "2010.??.??"]

1. d4 Nf6 2. c4 g6 3. Nf3 Bg7 4. Nc3 d6 5. g3 O-O 6. Bg2 Nc6 7. O-O Bg4 8. Be3
Nd7 9. Qd2 e5 10. dxe5 Bxf3 11. exf3 Ndxe5 12. Qe2 Ne7 13. f4 N5c6 14. g4 Re8
15. Rad1 Qc8 16. h3 Qe6 17. Ne4 h6 18. Nc3 Rad8 19. Nd5 Qd7 20. Qd2 Kh7 21. b4
Nxd5 22. cxd5 Ne7 23. Rc1 a6 24. Rc4 c6 25. Rfc1 Rc8 26. dxc6 bxc6 27. Bd4 d5
28. Bxg7 Kxg7 29. Qd4+ Kg8 30. R4c3 Rb8 31. Re3 Nc8 32. Rxe8+ Qxe8 33. f5 g5
34. Qf6 Rxb4 35. Qxh6 Rc4 36. Qxg5+ Kf8 37. Rb1 Qe7 38. f6 Qe6 39. Rb7 1-0

[Event "V MTSz Klubu Polonia Wroclaw"]
[Site "Wroclaw"]
[Date "2010.06.27"]
[Round "2"]
[White "Dobrowolski, Piotr"]
[Black "Fridman, Daniel"]
[Result "1-0"]
[WhiteElo "2397"]
[BlackElo "2654"]
[PlyCount "65"]
[EventDate "2010.??.??"]

1. e4 c6 2. d4 d5 3. Nc3 dxe4 4. Nxe4 Bf5 5. Ng3 Bg6 6. h4 h6 7. Nf3 Nd7 8. h5
Bh7 9. Bd3 Bxd3 10. Qxd3 e6 11. Bd2 Ngf6 12. O-O-O Be7 13. Qe2 Rc8 14. Kb1 O-O
15. Nf1 c5 16. g4 c4 17. g5 hxg5 18. Bxg5 c3 19. Rg1 Qa5 20. Ne5 Nxe5 21. dxe5
Qb4 22. b3 Ne4 23. Bc1 Nc5 24. Rg4 Qa5 25. Qe3 Rfd8 26. Rxg7+ Kxg7 27. Qh6+ Kg8
28. Nd2 Ne4 29. Rg1+ Ng5 30. Nf3 Rd1 31. Nxg5 Rxc1+ 32. Rxc1 Bxg5 33. Rg1 1-0

[Event "V MTSz Klubu Polonia Wroclaw"]
[Site "Wroclaw"]
[Date "2010.06.27"]
[Round "2"]
[White "Tiviakov, Sergei"]
[Black "Sakalauskas, Vaidas"]
[Result "1/2-1/2"]
[WhiteElo "2634"]
[BlackElo "2412"]
[PlyCount "183"]
[EventDate "2010.??.??"]

1. e4 e6 2. Nc3 d5 3. f4 dxe4 4. Nxe4 Nf6 5. d3 Nxe4 6. dxe4 Qxd1+ 7. Kxd1 Bc5
8. Nf3 Nd7 9. Bd3 O-O 10. c3 a5 11. e5 b6 12. Be4 Rb8 13. Kc2 Bb7 14. Re1 b5
15. a4 b4 16. Bxb7 Rxb7 17. Nd2 Ra8 18. Nb3 bxc3 19. bxc3 Be7 20. Nd4 Bc5 21.
Nb3 Be7 22. Be3 Nb6 23. Nd2 Rab8 24. g3 Kf8 25. Reb1 Nd5 26. Bf2 Rxb1 27. Rxb1
Rxb1 28. Nxb1 Ke8 29. Nd2 Nb6 30. Bxb6 cxb6 31. Kb3 Kd7 32. Kc4 Kc6 33. Nf3 Bc5
34. Ng5 Bg1 35. Nf3 Bc5 36. h3 h6 37. Nd2 Be7 38. Ne4 h5 39. g4 hxg4 40. hxg4
g6 41. Ng3 Bh4 42. Ne2 Bf2 43. Nd4+ Kc7 44. Kd3 Bg3 45. Ke4 Be1 46. f5 gxf5+
47. gxf5 Kd7 48. c4 Bb4 49. Nf3 Be7 50. f6 Bc5 51. Ng5 Ke8 52. Kf4 Bd4 53. Ne4
Bc5 54. Kg5 Be3+ 55. Kg4 Bc5 56. Nd2 Kf8 57. Kh5 Kg8 58. Nf3 Kh7 59. Ng5+ Kg8
60. Kg4 Kf8 61. Ne4 Kg8 62. Nd6 Kf8 63. Nb5 Kg8 64. Na7 Kf8 65. Kf4 Kg8 66. Nb5
Kf8 67. Nc3 Kg8 68. Ne4 Kf8 69. Nd2 Kg8 70. Nf3 Kf8 71. Kg5 Kg8 72. Kh6 Be3+
73. Kh5 Bc5 74. Nh4 Kf8 75. Nf3 Kg8 76. Nh2 Kf8 77. Nf3 Kg8 78. Nd2 Kf8 79. Kg4
Kg8 80. Ne4 Kf8 81. Kf4 Kg8 82. Kg5 Kf8 83. Kf4 Kg8 84. Nd6 Kf8 85. Nc8 Kg8 86.
Kg5 Kf8 87. Na7 Kg8 88. Nb5 Kf8 89. Kf4 Kg8 90. Nc3 Kf8 91. Ne4 Kg8 92. Nxc5
1/2-1/2

[Event "V MTSz Klubu Polonia Wroclaw"]
[Site "Wroclaw"]
[Date "2010.06.27"]
[Round "2"]
[White "Markowski, Tomasz"]
[Black "Strzemiecki, Zbigniew"]
[Result "1-0"]
[WhiteElo "2628"]
[BlackElo "2381"]
[PlyCount "69"]
[EventDate "2010.??.??"]

1. c4 Nf6 2. g3 c6 3. Nf3 g6 4. b3 Bg7 5. Bb2 O-O 6. Bg2 d5 7. O-O a5 8. a3 Bg4
9. d3 Bxf3 10. Bxf3 Nbd7 11. Nd2 e6 12. Qc2 Qb6 13. e3 Rfc8 14. Rac1 Qd8 15.
Rfd1 b5 16. Be2 a4 17. b4 Ne8 18. Bxg7 Kxg7 19. Nf3 Nd6 20. c5 Ne8 21. e4 Qf6
22. d4 dxe4 23. Qxe4 Qe7 24. d5 cxd5 25. Qd4+ Nef6 26. Bxb5 e5 27. Qb2 d4 28.
Re1 Rab8 29. Bxd7 Qxd7 30. Rxe5 d3 31. Rd1 Rd8 32. Re3 Qf5 33. Qc3 Kg8 34.
Rexd3 Re8 35. Nh4 1-0

[Event "V MTSz Klubu Polonia Wroclaw"]
[Site "Wroclaw"]
[Date "2010.06.27"]
[Round "2"]
[White "Balogh, Csaba"]
[Black "Kuchynka, Lukas"]
[Result "1-0"]
[WhiteElo "2621"]
[BlackElo "2334"]
[PlyCount "99"]
[EventDate "2010.??.??"]

1. e4 c5 2. Nf3 Nc6 3. Bb5 Qb6 4. Nc3 e6 5. Bxc6 Qxc6 6. d4 cxd4 7. Nxd4 Qc7 8.
O-O a6 9. Re1 d6 10. Bf4 e5 11. Nd5 Qd8 12. Be3 Nf6 13. Nxf6+ gxf6 14. Ne2 f5
15. exf5 Bxf5 16. Ng3 Be6 17. f4 exf4 18. Bxf4 Qb6+ 19. Be3 Qc6 20. Bd4 Rg8 21.
Re3 Be7 22. Qe2 Kd7 23. Rd1 Rae8 24. Rc3 Qb5 25. Qxb5+ axb5 26. Bc5 Rg6 27. Bb4
Rc8 28. Rxc8 Kxc8 29. a3 Kc7 30. Rd2 Kc6 31. Ne2 Kc7 32. Nd4 Bd7 33. Ba5+ b6
34. Bc3 Bf6 35. Ne2 Bg5 36. Rd3 Bf5 37. Rf3 Be6 38. Nd4 Bc4 39. Kf2 Kd7 40. b3
Bd5 41. Rf5 Be4 42. Rxf7+ Ke8 43. Ra7 Rf6+ 44. Ke2 Bxg2 45. Rxh7 Be4 46. Rg7
Bh6 47. Rc7 Rg6 48. Nxb5 Rg2+ 49. Kf1 Kd8 50. Bf6+ 1-0

[Event "V MTSz Klubu Polonia Wroclaw"]
[Site "Wroclaw"]
[Date "2010.06.27"]
[Round "2"]
[White "Bures, Jaroslav"]
[Black "Macieja, Bartlomiej"]
[Result "1/2-1/2"]
[WhiteElo "2327"]
[BlackElo "2618"]
[PlyCount "131"]
[EventDate "2010.??.??"]

1. e4 c5 2. Nf3 Nc6 3. d4 cxd4 4. Nxd4 Qc7 5. Nc3 e6 6. Be2 a6 7. O-O Nf6 8.
Be3 Be7 9. f4 d6 10. a4 O-O 11. Kh1 Re8 12. Bf3 Bf8 13. Nb3 b6 14. a5 Nd7 15.
axb6 Nxb6 16. Nb5 axb5 17. Bxb6 Qb8 18. Rxa8 Qxa8 19. Qd2 Qb8 20. Bf2 b4 21.
Ra1 Bb7 22. Bb6 g6 23. Nc1 Ba8 24. Bf2 Bg7 25. Nd3 e5 26. fxe5 dxe5 27. c3 bxc3
28. bxc3 Bf8 29. Qb2 Qd6 30. Nc5 Rb8 31. Qa2 Nd8 32. Rd1 Qc6 33. Nd7 Rc8 34.
Nxe5 Qe6 35. Qxe6 Nxe6 36. Bd4 Bg7 37. Ng4 Ng5 38. Nf6+ Kh8 39. h4 Nxf3 40.
gxf3 Bc6 41. Ng4 f5 42. Nf2 fxe4 43. fxe4 Re8 44. Re1 Rd8 45. Rd1 Kg8 46. Kg2
Bf8 47. Ra1 Be7 48. Ra7 Kf8 49. Kf3 Re8 50. Ng4 Bxe4+ 51. Kxe4 Bc5+ 52. Ne5
Bxa7 53. Bxa7 Ke7 54. Bd4 Ra8 55. Kf4 Ra1 56. Kg5 Rh1 57. Ng4 Kf7 58. Nh6+ Ke6
59. Ng4 Kf7 60. Nf6 h6+ 61. Kg4 Re1 62. Nd7 Ke6 63. Nf8+ Kf7 64. Nd7 Ke6 65.
Nf8+ Kf7 66. Nd7 1/2-1/2

[Event "V MTSz Klubu Polonia Wroclaw"]
[Site "Wroclaw"]
[Date "2010.06.27"]
[Round "2"]
[White "Matuszewski, Michal"]
[Black "Bartel, Mateusz"]
[Result "1/2-1/2"]
[WhiteElo "2308"]
[BlackElo "2609"]
[PlyCount "133"]
[EventDate "2010.??.??"]

1. d4 Nf6 2. Nf3 g6 3. c4 Bg7 4. Nc3 d5 5. Qb3 dxc4 6. Qxc4 O-O 7. e4 c6 8. Bg5
b5 9. Qb3 Qa5 10. Bd3 Be6 11. Qd1 Rd8 12. O-O b4 13. Qa4 Qxa4 14. Nxa4 Bg4 15.
Ne5 Rxd4 16. Bxf6 exf6 17. Nxg4 h5 18. Ne3 Rxd3 19. Nc5 Rd6 20. a3 bxa3 21.
Rxa3 Bf8 22. Na6 Nxa6 23. Rxa6 Re6 24. Rc1 c5 25. Rca1 Rxe4 26. Nd5 Rd4 27.
Nxf6+ Kg7 28. Re1 c4 29. g3 Bc5 30. Rc6 Bb6 31. Re2 Rad8 32. Re8 R8d6 33. Rxd6
Rxd6 34. Ne4 Rd1+ 35. Kg2 Rb1 36. Rc8 Rxb2 37. Rxc4 f5 38. Nc5 Rd2 39. Kf1 Kf7
40. Rc3 Ke7 41. h3 Kd6 42. Nd3 g5 43. Ra3 Rc2 44. Ra4 a5 45. h4 Rd2 46. Ra3
gxh4 47. gxh4 Rc2 48. Rb3 Kc6 49. Ke1 a4 50. Nb4+ Kb7 51. Rb1 Rc5 52. Nd3 Rc4
53. f4 Ka6 54. Kd2 Ba5+ 55. Ke3 Bb6+ 56. Kd2 a3 57. Ra1 Ba5+ 58. Ke3 Rc3 59.
Kd4 Kb5 60. Rb1+ Ka4 61. Nc5+ Rxc5 62. Kxc5 a2 63. Ra1 Kb3 64. Kd5 Bd8 65. Ke5
Bxh4 66. Kxf5 Bd8 67. Rxa2 1/2-1/2

[Event "V MTSz Klubu Polonia Wroclaw"]
[Site "Wroclaw"]
[Date "2010.06.27"]
[Round "2"]
[White "Simacek, Pavel"]
[Black "Bakalarz, Mietek"]
[Result "1-0"]
[WhiteElo "2518"]
[BlackElo "2305"]
[PlyCount "85"]
[EventDate "2010.??.??"]

1. e4 e5 2. Nf3 Nf6 3. d4 Nxe4 4. dxe5 d5 5. Nbd2 Nc6 6. Bb5 Bd7 7. Qe2 Nc5 8.
Nb3 Nxb3 9. axb3 a6 10. Bg5 Be7 11. Bxe7 Qxe7 12. O-O O-O 13. Bxc6 Bxc6 14.
Rfe1 Rad8 15. Qd2 Bd7 16. b4 Bc8 17. Ra3 f5 18. exf6 Qxf6 19. Ne5 Qf4 20. Rae3
d4 21. R3e2 Qxd2 22. Rxd2 Rfe8 23. f4 Rd6 24. Kf2 Rf8 25. Re4 Bf5 26. Rexd4
Bxc2 27. Ke3 Rxd4 28. Rxd4 Ba4 29. Rc4 Rc8 30. f5 Bb5 31. Rc3 Kf8 32. Ke4 h6
33. h4 Ke7 34. Rg3 Kf8 35. Rc3 Ke7 36. g4 Kf6 37. g5+ hxg5 38. hxg5+ Kxg5 39.
Rg3+ Kh6 40. Nf7+ Kh5 41. Kf4 Kh4 42. Ng5 Bf1 43. Rg1 1-0

[Event "V MTSz Klubu Polonia Wroclaw"]
[Site "Wroclaw"]
[Date "2010.06.27"]
[Round "2"]
[White "Solys, Laimutis"]
[Black "Swiercz, Dariusz"]
[Result "1/2-1/2"]
[WhiteElo "2305"]
[BlackElo "2501"]
[PlyCount "64"]
[EventDate "2010.??.??"]

1. d4 Nf6 2. c4 e6 3. Nf3 d5 4. Nc3 Bb4 5. e3 O-O 6. Bd3 c5 7. O-O Nc6 8. a3
Bxc3 9. bxc3 dxc4 10. Bxc4 Qc7 11. Qe2 e5 12. h3 exd4 13. cxd4 cxd4 14. exd4
Re8 15. Qd3 Be6 16. Bxe6 Rxe6 17. Bd2 Qd7 18. a4 Ne5 19. Nxe5 Rxe5 20. a5 Rd5
21. Be3 a6 22. Rfb1 Ne8 23. Rc1 Nc7 24. Qb3 Nb5 25. Rab1 h6 26. Rc5 Rd8 27.
Rbc1 Qe6 28. Rxd5 Qxd5 29. Qb4 Qd6 30. Qb3 Qe6 31. Qb4 Qd6 32. Qb3 Qe6 1/2-1/2

[Event "V MTSz Klubu Polonia Wroclaw"]
[Site "Wroclaw"]
[Date "2010.06.27"]
[Round "2"]
[White "Piorun, Kacper"]
[Black "Leks, Hanna"]
[Result "1-0"]
[WhiteElo "2499"]
[BlackElo "2165"]
[PlyCount "105"]
[EventDate "2010.??.??"]

1. d4 Nf6 2. c4 d6 3. Nc3 Nbd7 4. e4 e5 5. d5 g6 6. Bd3 Bg7 7. Nge2 O-O 8. O-O
Nc5 9. Bc2 a5 10. Rb1 Nh5 11. a3 f5 12. exf5 Bxf5 13. b4 axb4 14. axb4 Nd7 15.
Ne4 Bxe4 16. Bxe4 Nf4 17. Nc3 Nf6 18. g3 N4h5 19. Bg2 Re8 20. Be3 Bf8 21. Ra1
Ng7 22. Rxa8 Qxa8 23. Nb5 Qd8 24. Bg5 Be7 25. Qa4 Nfh5 26. Bd2 Qc8 27. h3 Rf8
28. Qd1 Nf6 29. Bh6 Rf7 30. g4 Nd7 31. Qd2 Bh4 32. Qe3 b6 33. f4 Qa6 34. Qc3
Ne8 35. Ra1 Qc8 36. Na7 Qb7 37. Qe3 Bf6 38. Nc6 Qc8 39. Rf1 exf4 40. Rxf4 Ne5
41. g5 Bg7 42. Rxf7 Kxf7 43. Bxg7 Nxg7 44. Nxe5+ dxe5 45. Qxe5 Qd8 46. Qf4+ Nf5
47. Be4 Qd7 48. Kf2 Kg8 49. Bxf5 gxf5 50. Qe5 Qa4 51. Qe6+ Kg7 52. Qe7+ Kg8 53.
Qd8+ 1-0

[Event "V MTSz Klubu Polonia Wroclaw"]
[Site "Wroclaw"]
[Date "2010.06.27"]
[Round "2"]
[White "Lewicki, Miroslaw"]
[Black "Warakomski, Tomasz"]
[Result "0-1"]
[WhiteElo "2094"]
[BlackElo "2499"]
[PlyCount "182"]
[EventDate "2010.??.??"]

1. e4 c5 2. Nf3 e6 3. d4 cxd4 4. Nxd4 a6 5. c4 Nf6 6. Bd3 Qc7 7. Be3 d6 8. O-O
Nbd7 9. Nd2 b6 10. f3 Bb7 11. Rc1 Be7 12. b4 O-O 13. N2b3 Rac8 14. a4 Qb8 15.
a5 Bd8 16. axb6 Bxb6 17. Kh1 Rfd8 18. Qe1 Nc5 19. Bc2 Na4 20. Ra1 Nb2 21. c5
dxc5 22. bxc5 Bxc5 23. Nxc5 Rxc5 24. Qb4 Qc7 25. Qxb2 e5 26. Ba4 exd4 27. Bxd4
Rh5 28. g4 Nxg4 29. fxg4 Rxd4 30. gxh5 Rxe4 31. Rf3 Rf4 32. Bd1 Rxf3 33. Bxf3
Bxf3+ 34. Kg1 Qc5+ 35. Kf1 h6 36. Rc1 Qxh5 37. Rc8+ Kh7 38. Qb8 Qh3+ 39. Kf2
Qg2+ 40. Ke3 Qe2+ 41. Kd4 Qf2+ 42. Kc3 Qe3+ 43. Kb2 Qd4+ 44. Kc1 g5 45. Qc7 Bd5
46. Kc2 Be6 47. Rd8 Qe4+ 48. Kb2 Qb4+ 49. Kc2 Kg6 50. Rd6 a5 51. Rb6 Qe4+ 52.
Kb2 Qd4+ 53. Kc1 Kh5 54. Rc6 Qe3+ 55. Kb2 a4 56. Rc3 Qd2+ 57. Ka3 Qd4 58. Qg3
Qd1 59. Rd3 Qa1+ 60. Kb4 Kg6 61. Rc3 Qd1 62. Rd3 Qc2 63. Rc3 Qe4+ 64. Ka3 h5
65. Re3 Qd4 66. Qf2 Qa1+ 67. Kb4 h4 68. Qc2+ Kh6 69. Qd2 h3 70. Rg3 Qe5 71.
Kxa4 Qf4+ 72. Qxf4 gxf4 73. Rg1 Bd5 74. Rf1 Kg5 75. Kb4 Kf5 76. Kc3 Ke4 77. Kd2
Bc4 78. Rf2 f3 79. Ke1 Be2 80. Rxe2+ fxe2 81. Kxe2 Kd4 82. Kd2 Ke4 83. Ke2 f6
84. Kf2 Kd3 85. Kf3 f5 86. Kf2 Kd2 87. Kf1 Ke3 88. Ke1 Kf3 89. Kf1 f4 90. Kg1
Ke2 91. Kh1 f3 0-1

[Event "V MTSz Klubu Polonia Wroclaw"]
[Site "Wroclaw"]
[Date "2010.06.27"]
[Round "2"]
[White "Krejci, Jan"]
[Black "Czyz, Artur"]
[Result "1/2-1/2"]
[WhiteElo "2455"]
[BlackElo "2061"]
[PlyCount "84"]
[EventDate "2010.??.??"]

1. e4 e5 2. Nf3 Nc6 3. Bb5 a6 4. Ba4 Nf6 5. O-O Be7 6. Re1 b5 7. Bb3 d6 8. c3
O-O 9. h3 Na5 10. Bc2 c5 11. d4 Qc7 12. d5 Nc4 13. b3 Nb6 14. a4 Bd7 15. a5 Nc8
16. c4 b4 17. Nbd2 g6 18. Nf1 Nh5 19. Bh6 Re8 20. Ng3 Nxg3 21. fxg3 Bf8 22. Qd2
f6 23. Rf1 Bg7 24. g4 Ne7 25. Bxg7 Kxg7 26. g5 f5 27. Nxe5 dxe5 28. d6 Qc6 29.
dxe7 f4 30. Rfd1 Rxe7 31. Qd6 Kf7 32. Rd5 Qxd6 33. Rxd6 Ra7 34. Rf6+ Ke8 35.
Rd1 Bc8 36. Rc6 Rac7 37. Rcd6 Red7 38. R6d5 Bb7 39. Rd6 Rxd6 40. Rxd6 Rd7 41.
Rxd7 Kxd7 42. Kf2 Ke7 1/2-1/2

[Event "V MTSz Klubu Polonia Wroclaw"]
[Site "Wroclaw"]
[Date "2010.06.27"]
[Round "2"]
[White "Goslawski, Michal"]
[Black "Butnorius, Algimantas"]
[Result "1/2-1/2"]
[WhiteElo "2044"]
[BlackElo "2439"]
[PlyCount "63"]
[EventDate "2010.??.??"]

1. d4 Nf6 2. c4 e6 3. g3 d5 4. Bg2 Bb4+ 5. Bd2 Be7 6. Nf3 O-O 7. O-O c6 8. Bf4
Nbd7 9. Nc3 b6 10. Ne5 Bb7 11. e4 Nxe5 12. dxe5 Nxe4 13. Nxe4 dxe4 14. Bxe4
Qxd1 15. Rfxd1 Rfd8 16. Be3 f5 17. Bg2 Kf7 18. f4 Rab8 19. Kf2 c5 20. Rxd8 Bxd8
21. Bxb7 Rxb7 22. a4 h6 23. h4 Rd7 24. Ke2 Kg6 25. a5 Kh5 26. axb6 axb6 27. Ra8
Kg4 28. Kf2 Kh5 29. Rb8 Kg6 30. Ke2 Kh5 31. Kf2 Kg6 32. Ke2 1/2-1/2

[Event "V MTSz Klubu Polonia Wroclaw"]
[Site "Wroclaw"]
[Date "2010.06.27"]
[Round "2"]
[White "Sieciechowicz, Marcin"]
[Black "Leks, Maria"]
[Result "1-0"]
[WhiteElo "2427"]
[BlackElo "1987"]
[PlyCount "95"]
[EventDate "2010.??.??"]

1. d4 d5 2. c4 dxc4 3. e3 Nf6 4. Bxc4 a6 5. Nf3 e6 6. O-O c5 7. Bb3 Nc6 8. Qe2
cxd4 9. Rd1 Be7 10. exd4 O-O 11. Nc3 Nd5 12. Ne4 b6 13. Bd2 h6 14. Rac1 Bb7 15.
Ba4 b5 16. Bc2 Ndb4 17. Bb1 Qb6 18. Nc5 Nxd4 19. Nxd4 Bxc5 20. Nb3 Bd6 21. Be3
Qd8 22. Rxd6 Qxd6 23. Bc5 Qd5 24. f3 Rfc8 25. Be4 Qd7 26. Bxb7 Qxb7 27. Bxb4
Rxc1+ 28. Nxc1 a5 29. Be1 Qd5 30. Qd2 Qc4 31. b3 Qc6 32. Ne2 a4 33. b4 Rc8 34.
a3 Qc4 35. Qc3 Qxc3 36. Nxc3 Rb8 37. Bg3 Rb7 38. Kf2 Kf8 39. Ke3 Ke7 40. Kd4
Rd7+ 41. Kc5 Rd3 42. Nxb5 Kd7 43. Kb6 Rd5 44. Nc3 Rd3 45. Nxa4 Rxa3 46. Nc5+
Kc8 47. Kc6 f6 48. Bd6 1-0

[Event "V MTSz Klubu Polonia Wroclaw"]
[Site "Wroclaw"]
[Date "2010.06.27"]
[Round "2"]
[White "Otto, Andreas"]
[Black "Leniart, Arkadiusz"]
[Result "0-1"]
[WhiteElo "2131"]
[BlackElo "2423"]
[PlyCount "150"]
[EventDate "2010.??.??"]

1. e4 e5 2. d4 exd4 3. Qxd4 Nc6 4. Qe3 g6 5. Nc3 Bg7 6. Bd2 Nf6 7. O-O-O O-O 8.
h4 Re8 9. Qf4 d6 10. Be2 Nd4 11. h5 Nxe2+ 12. Ngxe2 b5 13. hxg6 fxg6 14. Ng3
Ng4 15. Be1 Be6 16. f3 Rf8 17. Qd2 Ne5 18. b3 b4 19. Nd5 c6 20. Nxb4 Qf6 21. c3
a5 22. Nd3 a4 23. Nxe5 dxe5 24. b4 Rfd8 25. Qc2 Rxd1+ 26. Kxd1 Qf7 27. Kc1 Bxa2
28. Kb2 Bb3 29. Qd3 Bf6 30. Ne2 Bc4 31. Qe3 Bxe2 32. Qxe2 Qb3+ 33. Ka1 Rd8 34.
Bd2 a3 35. Rb1 Qc2 36. Qc4+ Kg7 37. Be1 Rd1 38. Qa2 Rxb1+ 39. Qxb1 Qxg2 40. c4
Qxf3 41. b5 cxb5 42. cxb5 Be7 43. b6 Bc5 44. b7 Bd4+ 45. Ka2 Qe2+ 46. Kb3 Qb5+
47. Ka2 Qc4+ 48. Qb3 Qe2+ 49. Kxa3 Qa6+ 50. Qa4 Qxb7 51. Bb4 Qa7 52. Ba5 Qe7+
53. Kb3 Qb7+ 54. Kc4 Qf7+ 55. Kd3 Qf1+ 56. Kc2 Qe2+ 57. Kc1 Qb2+ 58. Kd1 Qa1+
59. Qxa1 Bxa1 60. Ke2 Bd4 61. Kf3 g5 62. Kg4 Kg6 63. Bd8 Be3 64. Be7 h5+ 65.
Kf3 Bf4 66. Bd8 g4+ 67. Ke2 Bg5 68. Bc7 Bf6 69. Kf2 Kg5 70. Ke3 h4 71. Ba5 h3
72. Bd2 Kh5 73. Kf2 Bg5 74. Bb4 Bf4 75. Bc5 g3+ 0-1

[Event "V MTSz Klubu Polonia Wroclaw"]
[Site "Wroclaw"]
[Date "2010.06.27"]
[Round "2"]
[White "Zeberski, Jakub"]
[Black "Schneider, Veronika"]
[Result "1-0"]
[WhiteElo "2403"]
[BlackElo "2339"]
[PlyCount "69"]
[EventDate "2010.??.??"]

1. e4 c5 2. Nf3 e6 3. d4 cxd4 4. Nxd4 a6 5. Bd3 Nf6 6. O-O Qc7 7. Qe2 d6 8. c4
g6 9. b3 Bg7 10. Bb2 Nbd7 11. Nf3 b6 12. Nc3 O-O 13. Rad1 Bb7 14. Bb1 Ne5 15.
Nd4 Rfe8 16. f4 Ned7 17. Nf3 e5 18. f5 gxf5 19. Nh4 f4 20. Nf5 Re6 21. Nd5 Qc5+
22. Kh1 b5 23. b4 Qxc4 24. Bd3 Qxa2 25. Nxf4 Bf8 26. Bb1 Qb3 27. Rd3 Qxb4 28.
Nxe6 fxe6 29. Ba3 Qa4 30. Rg3+ Kh8 31. Nxd6 Bxd6 32. Bxd6 Rg8 33. Rxf6 Rxg3 34.
hxg3 Qa1 35. Qf1 1-0

[Event "V MTSz Klubu Polonia Wroclaw"]
[Site "Wroclaw"]
[Date "2010.06.27"]
[Round "2"]
[White "Malec, Sebastian"]
[Black "Feuerstack, Aljoscha"]
[Result "0-1"]
[WhiteElo "2114"]
[BlackElo "2371"]
[PlyCount "64"]
[EventDate "2010.??.??"]

1. e4 c6 2. Nc3 d5 3. Nf3 Bg4 4. h3 Bxf3 5. Qxf3 e6 6. d3 Nf6 7. g4 h6 8. Bd2
Nbd7 9. O-O-O Qb6 10. Qg3 Bb4 11. e5 Bxc3 12. bxc3 Ng8 13. f4 Ne7 14. Be2 O-O-O
15. h4 Nc5 16. Be3 d4 17. Bxd4 Rxd4 18. cxd4 Na4 19. Bf3 Qb4 20. a3 Qxa3+ 21.
Kd2 Rd8 22. Ke1 Nc3 23. Rd2 Qc1+ 24. Bd1 Rxd4 25. Qf2 c5 26. Rh3 Nb1 27. Re2
Nd5 28. f5 Ndc3 29. Rd2 Ne4 30. dxe4 Nxd2 31. Rd3 Rxe4+ 32. Re3 Nf3+ 0-1

[Event "V MTSz Klubu Polonia Wroclaw"]
[Site "Wroclaw"]
[Date "2010.06.27"]
[Round "2"]
[White "Kudzma, Laimonas"]
[Black "Luch, Michal"]
[Result "1/2-1/2"]
[WhiteElo "2207"]
[BlackElo "2398"]
[PlyCount "170"]
[EventDate "2010.??.??"]

1. d4 g6 2. e4 Bg7 3. Nf3 d6 4. Nc3 a6 5. a4 Nd7 6. Bc4 e6 7. Bg5 Ne7 8. Qd2 h6
9. Bf4 b6 10. O-O Bb7 11. Rfe1 Kf8 12. h3 Kg8 13. Rad1 Kh7 14. Bf1 Nf6 15. Bh2
d5 16. exd5 Nexd5 17. Ne5 Rf8 18. Na2 Ne7 19. Nc1 a5 20. c3 Qe8 21. Qc2 Ba6 22.
Ncd3 Rc8 23. Qb3 Nf5 24. Nc4 Nd5 25. Nde5 Ra8 26. Nf3 Bb7 27. Qc2 Bc6 28. Ra1
Qd8 29. Nce5 Bb7 30. Bb5 Nfe7 31. Bc4 Ba6 32. Bb3 Qe8 33. Rad1 Rc8 34. h4 Kg8
35. Qd2 c5 36. dxc5 bxc5 37. Bc2 Rd8 38. Qc1 Nc6 39. Ng4 h5 40. Ne3 Nxe3 41.
Qxe3 Qe7 42. Bf4 Rxd1 43. Rxd1 e5 44. Bg5 Qb7 45. Be4 Rc8 46. Qxc5 Qb3 47. Qd5
Bc4 48. Qd2 Qxa4 49. Re1 Be6 50. Bxc6 Qxc6 51. Nxe5 Qd5 52. Qxd5 Bxd5 53. Nd3
Bc4 54. Ne5 Re8 55. Nf3 Rb8 56. Bc1 Bf6 57. Re4 Bd5 58. Ra4 Bd8 59. Bf4 Ra8 60.
Bg5 Bc7 61. Nd2 Re8 62. Be3 Rb8 63. Nc4 Bc6 64. Ra1 a4 65. Rd1 Rb5 66. Bc1 Rb8
67. Rd4 Re8 68. Bf4 Bxf4 69. Rxf4 Re1+ 70. Kh2 Re2 71. Kg3 Rc2 72. Rd4 Re2 73.
f3 Kg7 74. Rd2 Re1 75. Na5 Be8 76. Nb7 Bc6 77. Na5 Be8 78. Nc4 Bb5 79. Nb6 Re8
80. Nd7 Re1 81. Nc5 Rb1 82. Ne4 Bc4 83. Nc5 Bb5 84. Rc2 Bc4 85. Rd2 Bb5 1/2-1/2

[Event "V MTSz Klubu Polonia Wroclaw"]
[Site "Wroclaw"]
[Date "2010.06.27"]
[Round "2"]
[White "Szablowski, Pawel"]
[Black "Zysko, Jan"]
[Result "1-0"]
[WhiteElo "2312"]
[BlackElo "2203"]
[PlyCount "103"]
[EventDate "2010.??.??"]

1. Nf3 c5 2. g3 g6 3. Bg2 Bg7 4. O-O Nf6 5. d3 O-O 6. c4 Nc6 7. Nc3 b6 8. e4
Bb7 9. Bf4 Ne8 10. Qd2 Nc7 11. Bh6 e5 12. Bg5 f6 13. Bh6 d6 14. Nd5 Bc8 15. h4
Be6 16. Be3 Qd7 17. h5 Nd4 18. Nh4 Kf7 19. f4 Nxd5 20. cxd5 Bg4 21. Bxd4 cxd4
22. hxg6+ hxg6 23. fxe5 dxe5 24. Qg5 Bh5 25. Qxe5 Kg8 26. Qxd4 f5 27. e5 Rfe8
28. Rae1 Qd6 29. exd6 Bxd4+ 30. Kh2 Rxe1 31. Rxe1 Rd8 32. Re6 Kf7 33. Bf3 Bxf3
34. Nxf3 Bxb2 35. d4 Kg7 36. Ne5 Bxd4 37. Nc6 Rh8+ 38. Kg2 Bf6 39. d7 Kf7 40.
Nxa7 Rd8 41. Nc8 Rxd7 42. Nd6+ Kg7 43. Ne8+ Kf7 44. Nxf6 Rxd5 45. Nxd5 Kxe6 46.
Nxb6 Kd6 47. a4 Kc6 48. a5 g5 49. Kf3 Kb5 50. Nc4 Ka6 51. Nd6 f4 52. g4 1-0